Strukturnyj krizis sovetskoj ekonomiki: puti preodolenija.

Skúmanie hlavných príčin súčasnej totalitnej štruktúry a rozvrátenosti sovietskej ekonomiky. Zväzová vláda i republikové vlády nepoznajú ani v súčasnosti v plnom rozsahu - v dôsledku nedostatkov v informačnej sústave - skutočný stav a význam úloh v oblasti štruktúrnej politiky. Vymedzenie systému op...

Description complète

Enregistré dans:
Détails bibliographiques
Auteur principal: Barabanov, M.
Format: Chapitre de livre
Langue:russe
Sujets:
Tags: Ajouter un tag
Pas de tags, Soyez le premier à ajouter un tag!

MARC

LEADER 00000naa a2200000 4500
001 r004386
005 20221130103741.1
041 0 |a rus 
044 |a [SU] 
245 1 0 |a Strukturnyj krizis sovetskoj ekonomiki: puti preodolenija.  |c M. Barabanov 
520 |a Skúmanie hlavných príčin súčasnej totalitnej štruktúry a rozvrátenosti sovietskej ekonomiky. Zväzová vláda i republikové vlády nepoznajú ani v súčasnosti v plnom rozsahu - v dôsledku nedostatkov v informačnej sústave - skutočný stav a význam úloh v oblasti štruktúrnej politiky. Vymedzenie systému opatrení dôležitých pre záchranu krajiny a pre prekonanie hlbokej ekonomickej krízy. 
610 2 0 |a zmeny štruktúrne 
610 2 0 |a ZSSR 
610 2 0 |a politika hospodárska 
610 2 0 |a sústava informačná 
610 2 0 |a kríza hospodárska 
100 1 |a Barabanov, M.